00382pab a2200133 454500008004000000100002200040245008100062260000900143300000900152362000900161650003100170700001800201773002900219180718b1988 xxu||||| |||| 00| 0 eng d aAmbegaonkar, A.R. aA study on the attitude of tribal farmers toward new agricultural technology c1988 a30-1 aSep. aAgriculture And Technology aS.D. Wangikar aTribal Research Bulletin